Online
Catalog

Le vicomte de bragelonne ou dix ans plus tard / (Record no. 34419)

MARC details
000 -CABECERA
campo de control de longitud fija 00528nam a2200169 a 4500
001 - NÚMERO DE CONTROL
campo de control 000034928
005 - FECHA Y HORA DE LA ÚLTIMA TRANSACCIÓN
campo de control 20200930074006.0
008 - DATOS DE LONGITUD FIJA--INFORMACIÓN GENERAL
campo de control de longitud fija 111021s19uu fr 000 0 spa d
040 ## - FUENTE DE LA CATALOGACIÓN
Centro catalogador/agencia de origen DO-SdBNP
Lengua de catalogación spa
Centro/agencia transcriptor BNPHU
082 ## - NÚMERO DE LA CLASIFICACIÓN DECIMAL DEWEY
Número de clasificación xxxx
Número de documento/Ítem D886v
049 ## - FONDOS LOCALES (OCLC)
Fondos de biblioteca BNGR
100 1# - ENTRADA PRINCIPAL--NOMBRE DE PERSONA
Nombre de persona Dumas, Alexandre
9 (RLIN) 60495
245 13 - MENCIÓN DE TÍTULO
Título Le vicomte de bragelonne ou dix ans plus tard /
Mención de responsabilidad, etc. Alexandre Dumas.
260 ## - PUBLICACIÓN, DISTRIBUCIÓN, ETC.
Lugar de publicación, distribución, etc. Paris :
Nombre del editor, distribuidor, etc. Nelson Éditeurs :
-- Calmann-Lévy,
Fecha de publicación, distribución, etc. [19--?].
300 ## - DESCRIPCIÓN FÍSICA
Extensión 573 p. ;
Dimensiones 16 cm.
500 ## - NOTA GENERAL
Nota general La biblioteca posee el v. 2, v. 3 y v. 5.
Holdings
Estado de retiro Estado de pérdida Restricciones de uso No para préstamo Código de colección Localización permanente Ubicación/localización actual Ubicación en estantería Fecha de adquisición Número de inventario Total de préstamos Signatura topográfica completa Código de barras Fecha visto por última vez Precio válido a partir de Tipo de ítem Koha Nota pública Número de copia
      Excluido de préstamo Monografías: Libros y Folletos General General En catalogación 21.10.2011 LF1   xxxx D886v 34928-10 25.06.2020 25.06.2020 No se presta Perteneció a la biblioteca personal de Juan Isidro Jimenes Grullón  
      Excluido de préstamo Monografías: Libros y Folletos General General En catalogación 21.10.2011 LF1   xxxx D886v 34928-20 25.06.2020 25.06.2020 No se presta Perteneció a la biblioteca personal de Juan Isidro Jimenes Grullón e. 2
      Excluido de préstamo Monografías: Libros y Folletos General General En catalogación 21.10.2011 LF1   xxxx D886v 34928-30 25.06.2020 25.06.2020 No se presta Perteneció a la biblioteca personal de Juan Isidro Jimenes Grullón e. 3
      Excluido de préstamo Monografías: Libros y Folletos General General En catalogación 02.04.2018 LF1   xxxx D886v 34928-40 25.06.2020 25.06.2020 No se presta   e. 4

Powered by Koha